Singapore MRT Stations in Chinese (NS/red Line) - Statistics

General Stats
  • This quiz has been taken 155 times
  • The average score is 22 of 27
Answer Stats
Question Answer % Correct
Jurong East 裕廊东
96%
Bukit Gombak 武吉甘柏
89%
Choa Chu Kang 蔡厝港
89%
Woodlands 兀兰
89%
Yishun 义顺
89%
Bishan 碧山
89%
Toa Payoh 大巴窑
89%
Bukit Batok 武吉巴督
85%
Kranji 克兰芝
85%
Marsiling 马西岭
85%
Sembawang 三巴旺
85%
Canberra 坎贝拉
85%
Ang Mo Kio 宏茂桥
85%
Novena 诺维娜
81%
Orchard 乌节
81%
Yew Tee 油池
78%
Khatib 卡迪
78%
Yio Chu Kang 杨厝港
78%
Marina Bay 滨海湾
78%
Marina South Pier 滨海南码头
78%
Newton 纽顿
74%
Somerset 索美塞
74%
Dhoby Ghaut 多美歌
74%
City Hall 政府大厦
70%
Admiralty 海军部
67%
Braddell 布莱德
63%
Raffles Place 莱佛士坊
63%
No matching quizzes found
Score Distribution
Percent of People with Each Score
Percentile by Number Answered
Your Score History
You have not taken this quiz